| 000 | 00488nam a2200181Ia 4500 | ||
|---|---|---|---|
| 005 | 20250326141408.0 | ||
| 008 | 250326s9999 xx 000 0 und d | ||
| 037 | _aTextbook | ||
| 040 |
_aFMSL _beng _cFMSL |
||
| 041 |
_aeng _2eng |
||
| 084 | _qFMSL | ||
| 100 | _aGill Richard T | ||
| 245 | 0 |
_aEconomic development past and present _cGill Richard T |
|
| 260 |
_aNew Delhi _bNew Delhi, Prentice-Hall of India _c1963 |
||
| 300 | _a128p | ||
| 942 | _cTB | ||
| 999 |
_c1290106 _d1290106 |
||